000
00221nam a22000857a 4500
008
160706b xxu||||| |||| 00| 0 eng d
100
_9
2373
_a
Biswas, P
245
_a
Busy Ants
260
_a
New Delhi
_b
National Book Trust
_c
1987
999
_c
2049
_d
2049